00705nam a2200229Ia 4500003000900000008004100009040001300050040001300063041000800076100002500084245008900109250001100198260001200209260000900221300001100230300001000241490000800251490000600259942000700265999001700272952018600289IT-RoPAU120407s9999 xx 000 0 und d aIT-RoPAU cIT-RoPAU aita aDomenico Settembrini a"La chiesa nella politica italiana (1944-1963) Alle origini del compromesso storico" aMilano aRizzoli c1977 a507 p. c18 cm aBUR v1 cBK c35332d35332 00102ddc406270_400000000000000_1971aPAULUSbPAULUSd2012-04-11l0o270.4.19r2012-04-11 00:00:00w2012-04-11yBKzInserito da: In data: n.d. fondo: Via A.Severo 56 Progr:18628